000 01064nam a2200253Ia 4500
003 OSt
005 20220923211232.0
006 a|||||r|||| 00| 0
007 ta
008 220922b |||||||| |||| 00| 0 hin d
020 _a9788171246236 (hbk)
_c400
024 _a238,503
037 _b386, 29/01/2009, Vani Prakashan
_cTextual
040 _aARTS
_cARTS
_bhin
041 _2hin
_ahin
082 _aO152v, P8
100 _aकुसुम राय
245 0 _aहिन्दी साहित्य का वस्तुनिष्ठ इतिहास
_b दसवीं शताब्दी से उन्नीसवीं शताब्दी तक
246 _aHindī sāhitya kā vastuniṣhṭha itihāsa: dasavīan shatābdī se unnīsavīan shatābdī taka
260 _aवाराणसी
_b विश्वविद्यालय प्रकाशन
_c2008
300 _a579पृ.
_ccm.
942 _hO152v, P8
_cTEXL
_2CC
999 _c297395
_d297395